Catàleg de publicacions : 1984, 1985, 1986, 1987 / Diputació de Barcelona 1984, 1985, 1986, 1987 / Diputació de Barcelona
Descripción Física:
63 p. ; 21 cm
Materias:
Barcelona. Diputació -- Catàlegs
MARC
| LEADER | 00000nam a2200000Ia 4500 | ||
|---|---|---|---|
| 001 | 9495 | ||
| 008 | 160829s1987 xx 000 0 cat d | ||
| 080 | |a A-2-91 | ||
| 110 | 1 | |a Barcelona (Catalunya : Província). |b Diputació |9 52408 | |
| 245 | |a Catàleg de publicacions : |b 1984, 1985, 1986, 1987 / Diputació de Barcelona | ||
| 260 | |a Barcelona : |b Diputació, |c 1987 | ||
| 300 | |a 63 p. ; |c 21 cm | ||
| 650 | |a Barcelona. Diputació |x Catàlegs |9 22986 | ||
| 901 | |a Arxiu | ||
| 942 | |n 1 | ||
| 952 | |0 0 |1 0 |4 0 |6 A291 |7 1 |9 47679 |a Arxiu |b Arxiu |d 2016-12-01 |l 0 |o A-2-91 |p 9495 |r 2016-12-01 00:00:00 |w 2016-12-01 |y ARXIU | ||
| 999 | |c 51478 |d 51478 | ||